00851nam a22002055i 4500001000700000003000900007005001700016008004100033080001400074100002700088245013000115260003600245300004200281650004300323700003100366700002600397852007300423999001900496952013000515168894ES-MaACL20230906213924.0080620s1885 fr |||| | fre d a782.089.61 aReyer, Ernest.913792810aSigurd [hmúsica impresa] b: opéra en 4 actes et 9 tableaux /cde Camille du Locle et Alfred Blau ; musique de E. Reyer. aParis : bG. Hartmann, c[1885] a1 partitura vocal (503 p.) ; c28 cm.14aÓperas-xPartituras vocales.91379971 aLocle, Camille du.91379291 aBlau, Alfred.91380224 aES-MaACLjL-29310 9R.143661 zBiblioteca Jacinto Martínez Lacalle c168894d168894 00102udc40708LIBXIXaATENEOMbATENEOMcDEPO2d2008-06-20l0oL-29310p1177252r2023-02-23 00:00:00w2023-02-23yPARTITURA